MARC

LEADER 00000nam0a2200000 4500
001 281099
005 20231101235354.0
020 |a RU  |b 86-73806 
035 |a (RuTPU)RU\TPU\book\304739 
090 |a 281099 
100 |a 20150119d1986 km y0rusy5003 ca 
101 0 |a rus 
102 |a RU 
105 |a a z 001zy 
200 1 |a Теоретические основы оптимального управления упгугими космическими аппаратами  |f Г. Л. Дегтярев, Т. К. Сиразетдинов 
210 |a Москва  |c Машиностроение  |d 1986 
215 |a 214 с.  |c ил. 
320 |a Библиогр.: с. 206-212 (145 назв.) 
606 1 |a Космические летательные аппараты  |x Автоматическое управление  |2 stltpush  |3 (RuTPU)RU\TPU\subj\15841  |9 42048 
610 1 |a упругие космические аппараты 
610 1 |a математическое описание 
610 1 |a детерминированные системы 
610 1 |a оптимальное управление 
610 1 |a системы с распределенными параметрами 
610 1 |a состояние 
610 1 |a оценивание 
610 1 |a стохастические системы 
610 1 |a параметрический синтез 
675 |a 629.782.05  |z rus  |v 4 
700 1 |a Дегтярев  |b Г. Л.  |g Геннадий Лукич  |4 070 
701 1 |a Сиразетдинов  |b Т. К.  |g Талгат Касимович  |4 070 
801 0 |a RU  |b RuMRKP  |c 19950704  |g psbo 
801 1 |a RU  |b 63413507  |c 20150119 
801 2 |a RU  |b 63413507  |c 20170628  |g RCR 
942 |c BK